000 00899nmm a2200313 a 4500
003 AR-BaBNM
005 20251128210245.0
008 299019s1992 ||||||||||||||000 | spa||
020 _a84-331-0567-1
040 _cAR-BaBNM
100 1 _aEspinosa, Antonio
245 1 0 _aProyecto curricular del primer ciclo de educación primaria
_bteoría y práctica
260 _aMadrid
_bEscuela Española
_c1992
300 0 _a235 p
_btablas
504 _aContiene bibliografía p. 229-232
650 4 _aCURRICULO
650 4 _aORGANIZACION ESCOLAR
650 4 _aROL DEL DOCENTE
650 4 _aOBJETIVOS EDUCACIONALES
651 4 _aEspaña
653 0 _aEDUCACION GENERAL BASICA
653 0 _aPROYECTOS CURRICULARES
653 0 _aPRIMER CICLO DE LA EGB
653 0 _aREFORMA EDUCATIVA
653 0 _aCONTENIDOS CURRICULARES
700 1 _aOlivares, Carlos
942 _cBK
998 _cRaquel
999 _c14673
_d14673